Postavenie TNK vo svetovom hospodárstve bakalárska práca

Na minha lista:
Detalhes bibliográficos
Autor principal: Foltínová, Zuzana
Autor Corporativo: Obchodná fakulta EU. Katedra medzinárodného obchodu
Outros Autores: Malík, Marek
Formato: Livro
Idioma:eslovaco
Publicado em: Bratislava 2009
Tags: Adicionar Tag
Sem tags, seja o primeiro a adicionar uma tag!

MARC

LEADER 00000nam$a2200000$$$4500
001 0103188
005 20240318133812.5
041 0 |a slo 
044 |a SK 
245 1 0 |a Postavenie TNK vo svetovom hospodárstve  |b bakalárska práca  |c Zuzana Foltínová ; škol. Marek Malík 
264 1 |a Bratislava  |c 2009 
300 |a 52 s. 
100 1 |a Foltínová, Zuzana 
700 1 |a Malík, Marek 
710 2 |a Obchodná fakulta EU. Katedra medzinárodného obchodu